Využitie metód obrazovej analýzy pri identifikácii ochranných prvkov v papieri bakalárska práca

Saved in:
Bibliographic Details
Main Author: Nemčoková, Alica Patrícia
Format: Book
Language:Slovak
Published: Bratislava STU FCHPT 2014
Online Access:View in OPAC
Tags: Add Tag
No Tags, Be the first to tag this record!

MARC

LEADER 00000nam a2200000 a 4500
005 20260127134316.0
008 141015 2014 000 0 slo d
035 |a vtls010628364 
039 9 |y 201410151458  |z mschk03 
040 |a STUSCHK1  |b slo  |c STUSCHK1  |e AACR2 
100 1 |a Nemčoková, Alica Patrícia 
245 1 |a Využitie metód obrazovej analýzy pri identifikácii ochranných prvkov v papieri  |b bakalárska práca  |c Alica Patrícia Nemčoková 
260 |a Bratislava  |b STU FCHPT  |c 2014 
300 |a 36 s.  |b il.  |c 30 cm 
500 |a Obhájené: 16.07.2014 
500 |a Štud. program: chémia, medicínska chémia a chemické materiály 
500 |a Štud. odbor: chémia, chemické technológie 
500 |a Školiace pracovisko: Odd. chemickej technológie dreva, celulózy a papiera 
500 |a Evid. číslo: FCHPT-13569-43554 
910 |a SCHK95 
999 |c 9416  |d 9416